<?xml version="1.0" encoding="UTF-8"?>
<record
    xmlns:xsi="http://www.w3.org/2001/XMLSchema-instance"
    xsi:schemaLocation="http://www.loc.gov/MARC21/slim http://www.loc.gov/standards/marcxml/schema/MARC21slim.xsd"
    xmlns="http://www.loc.gov/MARC21/slim">

  <leader>00494nam a22001577a 4500</leader>
  <controlfield tag="005">20150124131347.0</controlfield>
  <controlfield tag="008">140715t        mx ||||| |||| 00| 0 eng d</controlfield>
  <datafield tag="020" ind1=" " ind2=" ">
    <subfield code="a">9684763530</subfield>
  </datafield>
  <datafield tag="050" ind1="0" ind2="4">
    <subfield code="a">PQ7297.T76 </subfield>
    <subfield code="b">T75 2000</subfield>
  </datafield>
  <datafield tag="100" ind1=" " ind2=" ">
    <subfield code="a">Trigos, Juan, </subfield>
    <subfield code="d">1941-</subfield>
    <subfield code="e">autor</subfield>
  </datafield>
  <datafield tag="245" ind1="1" ind2="0">
    <subfield code="a">D&#xE9;jame que te mate para ver si te extra&#xF1;o</subfield>
    <subfield code="b">: (comedia de hemoficci&#xF3;n)</subfield>
    <subfield code="c">/ Juan Trigos</subfield>
  </datafield>
  <datafield tag="260" ind1=" " ind2=" ">
    <subfield code="a">M&#xE9;xico, D.F. : </subfield>
    <subfield code="b">Fontamara, </subfield>
    <subfield code="c">2000</subfield>
  </datafield>
  <datafield tag="300" ind1=" " ind2=" ">
    <subfield code="a">98p.;</subfield>
    <subfield code="c">22cm.</subfield>
  </datafield>
  <datafield tag="650" ind1=" " ind2="4">
    <subfield code="a">teatro</subfield>
    <subfield code="x">tragicomedia</subfield>
  </datafield>
  <datafield tag="942" ind1=" " ind2=" ">
    <subfield code="2">ddc</subfield>
    <subfield code="c">LIB</subfield>
  </datafield>
  <datafield tag="999" ind1=" " ind2=" ">
    <subfield code="c">75151</subfield>
    <subfield code="d">75151</subfield>
  </datafield>
  <datafield tag="952" ind1=" " ind2=" ">
    <subfield code="1">0</subfield>
    <subfield code="2">lcc</subfield>
    <subfield code="4">0</subfield>
    <subfield code="7">0</subfield>
    <subfield code="a">LIC-047</subfield>
    <subfield code="b">LIC-047</subfield>
    <subfield code="c">GENERAL</subfield>
    <subfield code="d">2014-07-15</subfield>
    <subfield code="e">Donaci&#xF3;n</subfield>
    <subfield code="h">BFP000009933</subfield>
    <subfield code="i">Ciencias de la salud</subfield>
    <subfield code="k">Ciencias de la salud</subfield>
    <subfield code="l">3</subfield>
    <subfield code="o">PQ7297.T76  T75 2000</subfield>
    <subfield code="p">BFP000009933</subfield>
    <subfield code="r">2017-09-22 00:00:00</subfield>
    <subfield code="s">2017-09-11</subfield>
    <subfield code="t">1</subfield>
    <subfield code="y">LIB</subfield>
  </datafield>
</record>
